| 000 | 00731cam a2200205 4500 | ||
|---|---|---|---|
| 001 | L136761 | ||
| 008 | 070222n2007 000 0 eng u | ||
| 035 | _a(Sirsi) u136761 | ||
| 041 | 0 | _aeng | |
| 100 | 1 | _aEastham, Paul | |
| 245 | 0 | 0 | _aBiting back at Barker |
| 260 | _c2007 | ||
| 490 | 0 | 0 |
_aEstates Gazette _v(0707) 17 February 2007, 68-71(4) |
| 520 | _aInvestigates the likely impact of the Barker Review of Land Use Planning with its 30 radical proposals and promises, looking at the forces ranged against it. | ||
| 590 | _aKA | ||
| 650 | 2 | 4 | _aBARKER REVIEW OF LAND USE PLANNING |
| 651 | 4 |
_aEngland and Wales _y1543- |
|
| 690 | _aENVIRONMENTAL AND LAND CONSULTANCY-PLANNING AND DEVELOPMENT-PLANNING REFORM | ||
| 942 | _n0 | ||
| 999 |
_c78433 _d78433 |
||